[Event "7. Lovsprings EMT Mesterklassen 1995"]
[Site "Ringsted"]
[Date "1995.04.28"]
[Round "5"]
[White "Buhl, Poul"]
[Black "Pedersen, Hans Dahl"]
[Result "1-0"]
[WhiteElo "1987"]
[BlackElo "2165"]
[PlyCount "87"]
[EventDate "1995.??.??"]

1. c4 f5 2. g3 Nf6 3. d4 e6 4. Bg2 d5 5. Nf3 c6 6. O-O Bd6 7. b3 Qe7 8. a4 O-O
9. Ba3 Bxa3 10. Nxa3 Bd7 11. c5 Be8 12. Nc2 Nbd7 13. b4 Ne4 14. Ne5 Nxe5 15.
dxe5 a5 16. Qd4 axb4 17. Bxe4 fxe4 18. Qxb4 Bh5 19. Nd4 Bg4 20. Kg2 h5 21. h3
Bf5 22. f4 exf3+ 23. exf3 Bd3 24. Rf2 h4 25. g4 Qg5 26. Qd2 Qg6 27. Ra3 Ba6 28.
f4 Qe4+ 29. Kh2 Rae8 30. Re3 Qb1 31. f5 exf5 32. Nxf5 Qa1 33. Re1 Qa3 34. Qg5
Rxf5 35. gxf5 Qxc5 36. Rg2 Qe7 37. f6 Qc7 38. Qxg7+ Qxg7 39. Rxg7+ Kh8 40. e6
d4 41. Rd7 Bc4 42. f7 Ra8 43. e7 Bxf7 44. Rd8+ 1-0

[Event "7. Lovsprings EMT Mesterklassen 1995"]
[Site "Ringsted"]
[Date "1995.04.28"]
[Round "5"]
[White "Lynge, Michael"]
[Black "Hald, Jens Erik"]
[Result "1/2-1/2"]
[WhiteElo "2095"]
[BlackElo "2068"]
[PlyCount "119"]
[EventDate "1995.??.??"]

1. d4 g6 2. c4 Bg7 3. Nc3 d6 4. e4 Nf6 5. Be2 O-O 6. Bg5 h6 7. Be3 Nbd7 8. Qd2
h5 9. h4 e5 10. d5 Nc5 11. f3 Bd7 12. O-O-O a6 13. Nh3 b5 14. Nf2 bxc4 15. g4
Na4 16. Rdg1 c5 17. Nxa4 Bxa4 18. Bxc4 Bb5 19. Bb3 c4 20. Bc2 c3 21. Qxc3 Qd7
22. Qd2 Rfc8 23. Kb1 Rc7 24. g5 Ne8 25. Bd3 Rb7 26. Rc1 Rab8 27. Bxb5 Rxb5 28.
Rc2 R5b7 29. Qc3 Rc7 30. Qd3 Rxc2 31. Qxc2 Qb7 32. Rc1 Nc7 33. Ka1 a5 34. Nd3
Ne8 35. Qc6 Qe7 36. Bd2 f6 37. Qa6 a4 38. Qxa4 fxg5 39. hxg5 Qb7 40. Qc4 Qf7
41. Ne1 h4 42. Rc2 Bf8 43. Qf1 Qd7 44. Bc3 Nc7 45. Qh1 h3 46. Rh2 Qa4 47. Nd3
Qc4 48. Nc1 Nb5 49. Qe1 Qc8 50. Ne2 Ra8 51. Nc1 Ra7 52. Ne2 Qc4 53. a3 Qc8 54.
Qd2 Bg7 55. Ng1 Nxc3 56. Qxc3 Rc7 57. Qe3 Rc1+ 58. Ka2 Qc4+ 59. b3 Qf1 60. Kb2
1/2-1/2

[Event "7. Lovsprings EMT Mesterklassen 1995"]
[Site "Ringsted"]
[Date "1995.04.28"]
[Round "5"]
[White "Nielsen, Max"]
[Black "Arnkilde, Anders"]
[Result "1-0"]
[WhiteElo "2143"]
[BlackElo "1996"]
[PlyCount "81"]
[EventDate "1995.??.??"]

1. e4 Nc6 2. Nf3 e5 3. Bb5 a6 4. Ba4 Nf6 5. O-O b5 6. Bb3 Be7 7. Qe2 O-O 8. c3
d6 9. d4 Bg4 10. Rd1 exd4 11. cxd4 Na5 12. Bc2 g6 13. h3 Bxf3 14. Qxf3 d5 15.
e5 Nh5 16. Nc3 c6 17. Bh6 Ng7 18. Ne2 Bg5 19. Bxg7 Kxg7 20. Qc3 Nc4 21. b3 Na3
22. Bd3 Re8 23. f4 Be7 24. f5 gxf5 25. Bxf5 Ra7 26. Qf3 Bg5 27. Rd3 Rg8 28. Qh5
h6 29. Rf3 Qe7 30. Raf1 c5 31. Ng3 cxd4 32. Bh7 Kxh7 33. Rxf7+ Kh8 34. Rxe7
Rxe7 35. Nf5 Re6 36. Qd1 Be3+ 37. Nxe3 dxe3 38. Qxd5 Reg6 39. g4 Nc2 40. Qe4
Rc6 41. Qxc6 1-0

[Event "7. Lovsprings EMT Mesterklassen 1995"]
[Site "Ringsted"]
[Date "1995.04.28"]
[Round "5"]
[White "Nielsen, Per Henrik Axel"]
[Black "Madsen, Morten"]
[Result "1/2-1/2"]
[WhiteElo "1927"]
[BlackElo "1919"]
[PlyCount "43"]
[EventDate "1995.??.??"]

1. g3 d5 2. Bg2 e5 3. d3 c6 4. Nc3 Nf6 5. e4 Bc5 6. Nge2 O-O 7. O-O a5 8. Bg5
d4 9. Nb1 h6 10. Bc1 Bg4 11. h3 Bh5 12. g4 Bg6 13. f4 exf4 14. Nxf4 Nbd7 15.
Nxg6 fxg6 16. g5 hxg5 17. Bxg5 Qc7 18. Nd2 Qg3 19. Bf4 Qh4 20. Qe1 Qxe1 21.
Raxe1 Nh5 22. Bh2 1/2-1/2

[Event "7. Lovsprings EMT Mesterklassen 1995"]
[Site "Ringsted"]
[Date "1995.04.28"]
[Round "5"]
[White "Nordenbaek, Jan"]
[Black "Madsen, Hans Henrik"]
[Result "0-1"]
[WhiteElo "2203"]
[BlackElo "2079"]
[PlyCount "121"]
[EventDate "1995.??.??"]

1. e4 c6 2. d4 Na6 3. Nf3 Nc7 4. Bd3 d5 5. e5 g6 6. O-O h5 7. Bg5 Ne6 8. Be3
Bh6 9. Nh4 Ng7 10. f4 Bg4 11. Qe1 e6 12. h3 Bf5 13. Nxf5 Nxf5 14. Bxf5 gxf5 15.
a4 Ne7 16. a5 Ng6 17. Nd2 Rg8 18. Ra3 Bf8 19. Rb3 Rb8 20. Nf3 Be7 21. Rf2 b5
22. axb6 Rxb6 23. Qc3 Rxb3 24. Qxc6+ Qd7 25. Qa8+ Qd8 26. Qxd8+ Kxd8 27. cxb3
Kd7 28. Rc2 Rb8 29. Rc3 Bb4 30. Rc1 Ne7 31. Ng5 Nc6 32. Nxf7 Ba5 33. Ng5 Rxb3
34. Bf2 Nb4 35. Nh7 Rxb2 36. Nf6+ Ke7 37. Bh4 Kf7 38. Nxh5 Rc2 39. Rd1 Bb6 40.
Bf2 Nc6 41. Ng3 a5 42. Kf1 a4 43. Rd3 Rc4 44. Ne2 Nb4 45. Ra3 Nc2 46. Ra2 Bd8
47. g4 Be7 48. gxf5 exf5 49. h4 Na3 50. Be1 Nb5 51. h5 a3 52. Bf2 Rb4 53. Be1
Rb1 54. Ng3 Nc3 55. Rxa3 Bxa3 56. Nxf5 Ne4 57. Ke2 Rb2+ 58. Kf3 Rh2 59. Bh4 Bf8
60. Kg4 Rh1 61. Ne3 0-1

[Event "7. Lovsprings EMT Mesterklassen 1995"]
[Site "Ringsted"]
[Date "1995.04.28"]
[Round "5"]
[White "Pedersen, Henrik Dahl"]
[Black "Preuss, Flemming"]
[Result "1/2-1/2"]
[WhiteElo "1918"]
[BlackElo "2044"]
[PlyCount "94"]
[EventDate "1995.??.??"]

1. d4 f5 2. c4 Nf6 3. g3 g6 4. Bg2 Bg7 5. Nf3 O-O 6. Nc3 d6 7. O-O Nc6 8. d5
Ne5 9. Nxe5 dxe5 10. e4 f4 11. b4 g5 12. Bb2 a6 13. Re1 Qe8 14. Rc1 h5 15. gxf4
gxf4 16. Kh1 Qf7 17. f3 h4 18. c5 h3 19. Bf1 Nh5 20. Bc4 Kh8 21. Rg1 Bf6 22.
Qb3 Bh4 23. Ne2 Bf6 24. a4 Ng7 25. d6 Be6 26. dxe7 Qxe7 27. Rg6 Kh7 28. Rcg1
Rae8 29. Bxe6 Nxe6 30. Bc3 Rg8 31. Rxg8 Rxg8 32. Qb2 Rxg1+ 33. Nxg1 Ng5 34. Be1
Qd7 35. b5 axb5 36. axb5 c6 37. bxc6 bxc6 38. Bh4 Kg6 39. Bxg5 Kxg5 40. Qb8 Kh4
41. Qd6 Qg7 42. Qd2 Qg2+ 43. Qxg2 hxg2+ 44. Kxg2 Be7 45. Ne2 Bxc5 46. Nc3 Bd4
47. Nb1 c5 1/2-1/2

[Event "7. Lovsprings EMT Mesterklassen 1995"]
[Site "Ringsted"]
[Date "1995.04.28"]
[Round "5"]
[White "Rasmussen, Per Arnt"]
[Black "Christensen, Lars (1957)"]
[Result "1-0"]
[WhiteElo "2014"]
[BlackElo "2059"]
[PlyCount "43"]
[EventDate "1995.??.??"]

1. e4 c5 2. d4 cxd4 3. c3 d5 4. exd5 Qxd5 5. cxd4 Nc6 6. Nf3 Bg4 7. Nc3 Qh5 8.
Be2 O-O-O 9. Be3 e5 10. d5 Nf6 11. O-O Nxd5 12. Nxd5 e4 13. Bc4 Bxf3 14. gxf3
exf3 15. Bf4 Qh3 16. Ne3 Rxd1 17. Rfxd1 Bc5 18. Bf1 Qe6 19. Rac1 g5 20. Bg3
Bxe3 21. Rxc6+ bxc6 22. Ba6# 1-0

[Event "7. Lovsprings EMT Mesterklassen 1995"]
[Site "Ringsted"]
[Date "1995.05.05"]
[Round "6"]
[White "Christensen, Lars (1957)"]
[Black "Madsen, Morten"]
[Result "0-1"]
[WhiteElo "2059"]
[BlackElo "1919"]
[PlyCount "26"]
[EventDate "1995.??.??"]

1. e4 g6 2. d4 d6 3. Be3 Bg7 4. Qd2 Nf6 5. f3 Nbd7 6. Bh6 O-O 7. g4 e5 8. c3
Nxe4 9. fxe4 Qh4+ 10. Ke2 Bxh6 11. Nf3 Bxd2 12. Nxh4 Bc1 13. a3 exd4 0-1

[Event "7. Lovsprings EMT Mesterklassen 1995"]
[Site "Ringsted"]
[Date "1995.05.05"]
[Round "6"]
[White "Madsen, Hans Henrik"]
[Black "Hald, Jens Erik"]
[Result "1-0"]
[WhiteElo "2079"]
[BlackElo "2068"]
[PlyCount "79"]
[EventDate "1995.??.??"]

1. d4 g6 2. e4 d6 3. Nf3 Bg7 4. c3 Nf6 5. Bd3 O-O 6. h3 Nc6 7. Bf4 Nh5 8. Bg5
h6 9. Be3 e5 10. Qd2 g5 11. d5 Nb8 12. g4 Nf4 13. Bxf4 exf4 14. Na3 Re8 15.
O-O-O c5 16. dxc6 Nxc6 17. Rhe1 Qa5 18. Bc4 Be6 19. Bxe6 fxe6 20. Kb1 Qc5 21.
Nc2 Rad8 22. Ncd4 b5 23. Nxc6 Qxc6 24. h4 Bf6 25. hxg5 hxg5 26. Qd3 Kg7 27. Nd4
Bxd4 28. Qxd4+ e5 29. Qxa7+ Rd7 30. Qa3 Rh8 31. Qb3 Rh2 32. Qe6 b4 33. Rc1 bxc3
34. Rxc3 Qb5 35. Rb3 Qc6 36. Qf5 Rxf2 37. Qxg5+ Kf7 38. Qf5+ Ke7 39. Rc1 Qa6
40. Rb8 1-0

[Event "7. Lovsprings EMT Mesterklassen 1995"]
[Site "Ringsted"]
[Date "1995.05.05"]
[Round "6"]
[White "Nielsen, Per Henrik Axel"]
[Black "Arnkilde, Anders"]
[Result "0-1"]
[WhiteElo "1927"]
[BlackElo "1996"]
[PlyCount "52"]
[EventDate "1995.??.??"]

1. g3 e5 2. Bg2 d5 3. d3 f5 4. Nc3 c6 5. e4 Nf6 6. Bg5 fxe4 7. dxe4 d4 8. Nce2
Qa5+ 9. c3 Be6 10. Bxf6 gxf6 11. Nh3 h5 12. b4 Qa6 13. cxd4 Bxb4+ 14. Kf1 Bc3
15. dxe5 Bxa1 16. Qxa1 Bc4 17. Bf3 Nd7 18. exf6 O-O-O 19. Nhf4 h4 20. g4 h3 21.
g5 Ne5 22. Bh5 Rxh5 23. g6 Bxe2+ 24. Nxe2 Qd3 25. f4 Qf3+ 26. Kg1 Qg2# 0-1

[Event "7. Lovsprings EMT Mesterklassen 1995"]
[Site "Ringsted"]
[Date "1995.05.05"]
[Round "6"]
[White "Nordenbaek, Jan"]
[Black "Buhl, Poul"]
[Result "1-0"]
[WhiteElo "2203"]
[BlackElo "1987"]
[PlyCount "107"]
[EventDate "1995.??.??"]

1. e4 c5 2. Nf3 d6 3. d4 cxd4 4. Nxd4 Nf6 5. Nc3 g6 6. f4 Nc6 7. Nxc6 bxc6 8.
e5 dxe5 9. Qxd8+ Kxd8 10. fxe5 Nd5 11. Nxd5 cxd5 12. Be3 Bb7 13. O-O-O Bg7 14.
Bd4 Kc7 15. Be2 f5 16. exf6 Bxf6 17. Bxf6 exf6 18. Bf3 Rad8 19. Rd4 Rhe8 20.
Rhd1 Re5 21. c4 Rde8 22. cxd5 Kd6 23. Ra4 Rc8+ 24. Kb1 a6 25. Rb4 Rc7 26. Rb6+
Kc5 27. Rxf6 Rd7 28. a4 a5 29. Rc1+ Kd4 30. Rf4+ Ke3 31. g3 g5 32. Rc3+ Kf2 33.
Rf6 Kg1 34. Re6 Rf5 35. Re2 Rxf3 36. Rxf3 Rxd5 37. Rc3 Kf1 38. Re7 Ba6 39. Kc2
h5 40. Rc6 Bd3+ 41. Kc3 Kg2 42. Re3 Bf5 43. h4 Kf2 44. Re7 gxh4 45. gxh4 Kg3
46. b4 axb4+ 47. Kxb4 Kxh4 48. a5 Bd3 49. a6 Rd8 50. a7 Bf1 51. Rg7 Be2 52. Rc3
Bd3 53. Rd7 Rxd7 54. a8=Q 1-0

[Event "7. Lovsprings EMT Mesterklassen 1995"]
[Site "Ringsted"]
[Date "1995.05.05"]
[Round "6"]
[White "Preuss, Flemming"]
[Black "Nielsen, Max"]
[Result "0-1"]
[WhiteElo "2044"]
[BlackElo "2143"]
[PlyCount "102"]
[EventDate "1995.??.??"]

1. f4 d5 2. Nf3 Nf6 3. d3 Bg4 4. Nbd2 Nbd7 5. c3 c6 6. Qc2 Qc7 7. g3 e5 8. fxe5
Nxe5 9. Bg2 Bd6 10. Nxe5 Bxe5 11. Nf3 Bxf3 12. exf3 O-O-O 13. O-O h5 14. d4 Bd6
15. Bg5 h4 16. Bh3+ Kb8 17. g4 Rde8 18. Rae1 Rxe1 19. Rxe1 Nh7 20. Be3 g6 21.
Qf2 Nf8 22. f4 Ne6 23. Rf1 Ng7 24. f5 gxf5 25. gxf5 Nh5 26. Kh1 f6 27. Qg2 Qe7
28. Qf3 Qh7 29. Rf2 Ng3+ 30. Kg1 Ne4 31. Rg2 Qc7 32. Qg4 a6 33. Qg7 Bxh2+ 34.
Kf1 Qxg7 35. Rxg7 Bd6 36. Ke2 Ng3+ 37. Kd3 Ne4 38. b4 Bf8 39. Rg4 Bd6 40. Rg7
Kc8 41. a4 Bf8 42. Rg6 Kd7 43. a5 Ke8 44. Rg4 Kf7 45. Kc2 Bd6 46. Rg6 Bg3 47.
Kd3 Be1 48. Rg4 Re8 49. Rg2 Bxc3 50. Bg4 Rh8 51. Bf4 Be1 0-1

[Event "7. Lovsprings EMT Mesterklassen 1995"]
[Site "Ringsted"]
[Date "1995.05.05"]
[Round "6"]
[White "Rasmussen, Per Arnt"]
[Black "Pedersen, Hans Dahl"]
[Result "1/2-1/2"]
[WhiteElo "2014"]
[BlackElo "2165"]
[PlyCount "43"]
[EventDate "1995.??.??"]

1. e4 c6 2. d4 d5 3. exd5 cxd5 4. c4 Nf6 5. Nc3 g6 6. Qb3 Bg7 7. cxd5 O-O 8.
Be2 Nbd7 9. Bf3 Nb6 10. Nge2 Bf5 11. Nf4 g5 12. Nfe2 g4 13. Ng3 Bd3 14. Be2
Bxe2 15. Ngxe2 Nfxd5 16. h3 g3 17. Nxg3 Bxd4 18. Nxd5 Qxd5 19. Qxd5 Nxd5 20.
Nf5 Bg7 21. O-O e6 22. Nxg7 1/2-1/2

[Event "7. Lovsprings EMT Mesterklassen 1995"]
[Site "Ringsted"]
[Date "1995.05.19"]
[Round "7"]
[White "Arnkilde, Anders"]
[Black "Nordenbaek, Jan"]
[Result "0-1"]
[WhiteElo "1996"]
[BlackElo "2203"]
[PlyCount "20"]
[EventDate "1995.??.??"]

1. e4 c5 2. d4 cxd4 3. c3 dxc3 4. Nxc3 Nc6 5. Bc4 e6 6. Nf3 Qc7 7. Qe2 Nf6 8.
O-O Ng4 9. h3 Nd4 10. Nxd4 Qh2# 0-1

[Event "7. Lovsprings EMT Mesterklassen 1995"]
[Site "Ringsted"]
[Date "1995.05.19"]
[Round "7"]
[White "Christensen, Lars (1957)"]
[Black "Buhl, Poul"]
[Result "1/2-1/2"]
[WhiteElo "2059"]
[BlackElo "1987"]
[PlyCount "41"]
[EventDate "1995.??.??"]

1. e4 c5 2. c3 Nf6 3. e5 Nd5 4. d4 cxd4 5. cxd4 d6 6. Qb3 Nb6 7. Bb5+ Bd7 8.
Nf3 e6 9. Nc3 Nc6 10. exd6 Bxd6 11. d5 Nxd5 12. Nxd5 exd5 13. Qxd5 Qe7+ 14. Be3
Bb4+ 15. Nd2 a6 16. Ba4 O-O 17. O-O b5 18. Bc2 Ne5 19. Qe4 f5 20. Qd5+ Kh8 21.
Bd4 1/2-1/2

[Event "7. Lovsprings EMT Mesterklassen 1995"]
[Site "Ringsted"]
[Date "1995.05.19"]
[Round "7"]
[White "Hald, Jens Erik"]
[Black "Pedersen, Henrik Dahl"]
[Result "0-1"]
[WhiteElo "2068"]
[BlackElo "1918"]
[PlyCount "68"]
[EventDate "1995.??.??"]

1. e4 e5 2. d4 exd4 3. Qxd4 Nc6 4. Qe3 b6 5. Nc3 g6 6. Bd2 Bg7 7. O-O-O Nf6 8.
f3 O-O 9. Qf2 d6 10. h4 Be6 11. h5 Qe7 12. hxg6 fxg6 13. Bg5 h6 14. Bd2 a6 15.
g3 b5 16. Qh2 b4 17. Nd5 Bxd5 18. exd5 Ne5 19. Bxh6 Neg4 20. fxg4 Nxg4 21. Qd2
Nxh6 22. Rxh6 Qe5 23. c4 bxc3 24. Rh8+ Bxh8 25. Qh6 cxb2+ 26. Kb1 Qh5 27. Qd2
Bg7 28. Bh3 Qh6 29. Be6+ Kh8 30. Qg2 Qe3 31. Ne2 Rf2 32. Rh1+ Bh6 33. Rxh6+ Kg7
34. Qh1 Qxh6 0-1

[Event "7. Lovsprings EMT Mesterklassen 1995"]
[Site "Ringsted"]
[Date "1995.05.19"]
[Round "7"]
[White "Lynge, Michael"]
[Black "Nielsen, Per Henrik Axel"]
[Result "1/2-1/2"]
[WhiteElo "2095"]
[BlackElo "1927"]
[PlyCount "25"]
[EventDate "1995.??.??"]

1. d4 Nf6 2. c4 g6 3. Nc3 Bg7 4. e4 d6 5. Nf3 O-O 6. Be2 e5 7. dxe5 dxe5 8.
Qxd8 Rxd8 9. Bg5 Re8 10. Nd5 Nxd5 11. cxd5 c6 12. Bc4 cxd5 13. Bxd5 1/2-1/2

[Event "7. Lovsprings EMT Mesterklassen 1995"]
[Site "Ringsted"]
[Date "1995.05.19"]
[Round "7"]
[White "Madsen, Morten"]
[Black "Pedersen, Hans Dahl"]
[Result "0-1"]
[WhiteElo "1919"]
[BlackElo "2165"]
[PlyCount "130"]
[EventDate "1995.??.??"]

1. e4 d5 2. e5 g6 3. d4 Bg7 4. Nf3 Bg4 5. h3 Bxf3 6. Qxf3 Nc6 7. c3 e6 8. Bd3
Nge7 9. Bg5 h6 10. Bf6 Bxf6 11. Qxf6 Rh7 12. Nd2 Nf5 13. Qxd8+ Nxd8 14. Bxf5
gxf5 15. Rg1 Nc6 16. Ke2 O-O-O 17. g4 Ne7 18. gxf5 Nxf5 19. Rg4 Ne7 20. Rag1
Ng6 21. Ke3 Kd7 22. Nf3 b6 23. h4 Ne7 24. h5 Rhh8 25. Nh4 Rhg8 26. Rg7 Rdf8 27.
R1g3 Ke8 28. Rh7 Rh8 29. Rgg7 Rxh7 30. Rxh7 Rg8 31. Kf4 c5 32. Rxh6 cxd4 33.
cxd4 Nc6 34. Nf3 Nb4 35. b3 Nxa2 36. Rh7 Nc1 37. h6 a5 38. Rg7 Kf8 39. Rh7 b5
40. Nd2 a4 41. bxa4 bxa4 42. Nb1 Nb3 43. Ke3 Na5 44. Kd3 Nc4 45. Nc3 a3 46. Kc2
Ke7 47. Rg7 Rh8 48. h7 Kf8 49. Rg3 Rxh7 50. Kb3 Rh2 51. Nd1 Rh1 52. Rd3 Rf1 53.
Ka2 Ke7 54. f3 Rh1 55. Nc3 Rh2+ 56. Ka1 Rd2 57. Rxd2 Nxd2 58. Ka2 Nxf3 59. Ne2
f6 60. exf6+ Kxf6 61. Kxa3 Kf5 62. Kb3 Ke4 63. Kc3 Ke3 64. Ng3 Nxd4 65. Nf1+
Ke2 0-1

[Event "7. Lovsprings EMT Mesterklassen 1995"]
[Site "Ringsted"]
[Date "1995.05.19"]
[Round "7"]
[White "Nielsen, Max"]
[Black "Madsen, Hans Henrik"]
[Result "0-1"]
[WhiteElo "2143"]
[BlackElo "2079"]
[PlyCount "54"]
[EventDate "1995.??.??"]

1. e4 g6 2. d4 Bg7 3. Nc3 d6 4. f4 c5 5. d5 f5 6. Bb5+ Bd7 7. Bd3 fxe4 8. Nxe4
Nf6 9. Nxf6+ exf6 10. Nf3 O-O 11. O-O b5 12. c3 Qb6 13. Kh1 f5 14. Nd2 Na6 15.
a4 bxa4 16. Nc4 Qc7 17. Na3 c4 18. Bxc4 Nc5 19. Be3 Rab8 20. Bxc5 Qxc5 21. Qd2
Rfe8 22. Rfe1 Re4 23. Bd3 Ree8 24. Rxe8+ Rxe8 25. Re1 Rxe1+ 26. Qxe1 Bf6 27. g3
Qxd5+ 0-1